[Event "51st World Juniors"]
[Site "Athens GRE"]
[Date "2012.08.15"]
[Round "13.8"]
[White "Heimann, Andreas"]
[Black "Hansen, Eric"]
[Result "0-1"]
[WhiteTitle "IM"]
[BlackTitle "IM"]
[WhiteElo "2493"]
[BlackElo "2472"]
[WhiteFideId "24624632"]
[BlackFideId "2606771"]
[EventDate "2012.08.02"]

1. Nf3 Nf6 2. g3 d5 3. Bg2 c6 4. c4 dxc4 5. O-O Nbd7 6. Na3 Nb6 7. Qc2 Be6 8.
Qd1 Bc8 9. Qc2 Be6 10. Ng5 Bg4 11. Nxc4 Nxc4 12. Qxc4 e6 13. Nf3 Qd5 14. b3 Qh5
15. Bb2 Be7 16. Rfe1 Bh3 17. Bh1 O-O 18. Ne5 Rad8 19. Bf3 Qh6 20. d4 Nd7 21.
Nxd7 Rxd7 22. e3 Rfd8 23. Bc3 Qf6 24. Be4 Bf5 25. Bg2 Bg4 26. h3 Bh5 27. g4 Bg6
28. f4 h5 29. g5 Qf5 30. Qf1 Ba3 31. Rad1 e5 32. dxe5 Qc2 33. Bd4 c5 34. Re2 Qf5
35. e4 Qe6 36. f5 Qb6 37. fxg6 cxd4 38. Rd3 Qb5 39. Rf2 fxg6 40. e6 Re7 41. Rdf3
Qxg5 42. Rf7 Qe5 43. Rf8+ Rxf8 44. Rxf8+ Kh7 45. Rd8 Rc7 46. Rd5 Qg3 0-1

[Event "51st World Juniors"]
[Site "Athens GRE"]
[Date "2012.08.15"]
[Round "13.9"]
[White "Schreiner, Peter"]
[Black "Salem, A.R. Saleh"]
[Result "1/2-1/2"]
[WhiteTitle "FM"]
[BlackTitle "GM"]
[WhiteElo "2444"]
[BlackElo "2546"]
[WhiteFideId "1621645"]
[BlackFideId "9301348"]
[EventDate "2012.08.02"]

1. d4 Nf6 2. c4 g6 3. Nc3 Bg7 4. Nf3 O-O 5. g3 d5 6. cxd5 Nxd5 7. Bg2 Nb6 8. O-O
Nc6 9. e3 Re8 10. d5 Na5 11. Nd4 Bd7 12. Qe2 Qc8 13. Rd1 c5 14. dxc6 Nxc6 15.
Nxc6 Bxc6 16. e4 Bxc3 17. bxc3 e5 18. Bh6 Qe6 19. h4 f6 20. Kh2 Kf7 21. a4 Qc4
22. Qxc4+ Nxc4 23. a5 Rad8 24. Bf1 Nd6 25. f3 g5 26. hxg5 Kg6 27. f4 Nxe4 28.
Bd3 exf4 29. Bxe4+ Bxe4 30. gxf4 f5 31. Kg3 Bc6 32. Kf2 Be4 33. Rac1 Kf7 34. Rd4
Bc6 35. Rcd1 Rxd4 36. Rxd4 1/2-1/2

[Event "51st World Juniors"]
[Site "Athens GRE"]
[Date "2012.08.15"]
[Round "13.10"]
[White "Yilmaz, Mustafa"]
[Black "Kanarek, Marcel"]
[Result "1/2-1/2"]
[WhiteTitle "IM"]
[BlackTitle "IM"]
[WhiteElo "2543"]
[BlackElo "2487"]
[WhiteFideId "6302718"]
[BlackFideId "1126822"]
[EventDate "2012.08.02"]

1. Nf3 Nf6 2. b3 d6 3. Bb2 e5 4. d3 g6 5. g3 Bg7 6. Bg2 O-O 7. O-O Re8 8. Nbd2
c5 9. c4 Nc6 10. a3 a5 11. Ne4 Nxe4 12. dxe4 a4 13. Nd2 Be6 14. Bc3 axb3 15.
Qxb3 b5 16. Qxb5 Nd4 17. Bxd4 cxd4 18. Rfb1 Bh6 19. Nf3 Ra5 20. Qb4 Bf8 21. Qd2
Qa8 22. Qd3 Ra4 23. Nd2 Rc8 24. e3 Bxc4 25. Nxc4 Raxc4 26. exd4 exd4 27. e5 Qa5
28. Bh3 R8c7 29. e6 f5 30. Bg2 Be7 31. h4 Kg7 32. Kh2 Qc5 33. a4 Rc3 34. Qb5 d3
35. Qxc5 dxc5 36. a5 c4 37. a6 Ra3 38. Rxa3 Bxa3 39. Rb7 Rxb7 40. axb7 Bd6 41.
e7 Kf7 42. Bd5+ Kxe7 43. Bxc4 d2 44. Bb3 Kd7 45. Kg2 Kc6 46. Kf3 Kxb7 47. Ke2
Bc5 48. f3 Bd6 1/2-1/2

[Event "51st World Juniors"]
[Site "Athens GRE"]
[Date "2012.08.15"]
[Round "13.11"]
[White "Stanciu, Alexandru-Ovidiu"]
[Black "Holt, Conrad"]
[Result "1/2-1/2"]
[BlackTitle "IM"]
[WhiteElo "2342"]
[BlackElo "2498"]
[WhiteFideId "1217674"]
[BlackFideId "2034387"]
[EventDate "2012.08.02"]

1. c4 c6 2. e4 d5 3. exd5 Nf6 4. Nc3 cxd5 5. cxd5 Nxd5 6. Nf3 e6 7. Bc4 Be7 8.
O-O O-O 9. d4 Nxc3 10. bxc3 Qc7 11. Qe2 Nd7 12. Bb2 Nb6 13. Bb3 Bd7 14. a4 Rac8
15. c4 Bc6 16. Ne5 Rfd8 17. a5 Na8 18. d5 Be8 19. dxe6 fxe6 20. c5 Kh8 21. Bxe6
Rb8 22. Ra3 Bf6 23. Rh3 Qxc5 24. Qe4 h6 25. Ng6+ Bxg6 26. Qxg6 Qg5 27. Qxg5 Bxg5
28. Be5 b5 29. Rb1 Kh7 30. Bxb8 Rxb8 31. Rc3 Bd2 32. Rc8 Rxc8 33. Bxc8 Nc7 34.
a6 b4 35. Kf1 Nb5 36. Ke2 Nc3+ 37. Kxd2 Nxb1+ 38. Kc2 Nc3 39. Kb3 Kg6 40. Kxb4
Nd1 41. Kc5 Kf6 42. f4 Nc3 43. Kc6 Ke7 44. Bg4 Ne4 45. Bf3 Nd2 46. Be2 Ne4 47.
Bd3 Nf2 48. Bf5 Nd1 49. g3 Ne3 50. Bd3 Ng4 51. Be2 Ne3 52. g4 Ng2 53. f5 Ne3 54.
Kc5 Kf6 55. Kd4 Nc2+ 56. Kc3 Ne3 57. Kd3 Nd5 58. Kd4 Ne7 59. h4 g6 60. fxg6 Nxg6
61. Bd3 Nxh4 62. Be4 Ng6 63. Bxg6 Kxg6 64. Kd5 Kf7 65. Kc5 Ke7 1/2-1/2

[Event "51st World Juniors"]
[Site "Athens GRE"]
[Date "2012.08.15"]
[Round "13.12"]
[White "Oparin, Grigoriy"]
[Black "Andersen, Mads"]
[Result "0-1"]
[WhiteTitle "IM"]
[BlackTitle "IM"]
[WhiteElo "2488"]
[BlackElo "2464"]
[WhiteFideId "24125890"]
[BlackFideId "1413864"]
[EventDate "2012.08.02"]

1. e4 e5 2. Nf3 Nc6 3. Bb5 a6 4. Ba4 Nf6 5. O-O Be7 6. Re1 b5 7. Bb3 d6 8. c3
O-O 9. h3 Na5 10. Bc2 c5 11. d4 Qc7 12. Nbd2 Nc6 13. d5 Nd8 14. a4 Rb8 15. axb5
axb5 16. b4 Bd7 17. Nf1 Ne8 18. Be3 f6 19. Bd3 Nf7 20. Ra2 g6 21. Qe2 f5 22.
bxc5 dxc5 23. exf5 gxf5 24. Bf4 exf4 25. Qxe7 Ng7 26. Qh4 Qd6 27. Ra7 Ra8 28.
Rxd7 Qxd7 29. Re7 Qxd5 30. Bxb5 Rab8 31. c4 Qd6 32. Rd7 Qe6 33. Re7 Qd6 34. Rd7
Qg6 35. Qxf4 Ne6 36. Qh4 Rbd8 37. Re7 Neg5 38. Bc6 Qf6 39. Nxg5 Nxg5 40. Qg3 f4
41. Qg4 Qxe7 42. h4 h5 0-1

[Event "51st World Juniors"]
[Site "Athens GRE"]
[Date "2012.08.15"]
[Round "13.13"]
[White "Grigoryan, Karen H."]
[Black "Antipov, Mikhail Al."]
[Result "0-1"]
[WhiteTitle "IM"]
[BlackTitle "IM"]
[WhiteElo "2529"]
[BlackElo "2462"]
[WhiteFideId "13301004"]
[BlackFideId "4107012"]
[EventDate "2012.08.02"]

1. d4 Nf6 2. c4 e6 3. Nf3 c5 4. d5 b5 5. dxe6 fxe6 6. cxb5 d5 7. g3 Qa5+ 8. Nbd2
Qxb5 9. e4 Qa5 10. Bh3 Qa6 11. Bf1 Qa5 12. e5 Nfd7 13. b4 Qxb4 14. Bh3 Nb6 15.
O-O Be7 16. Rb1 Qa4 17. Nb3 h6 18. Nh4 Bxh4 19. Qh5+ g6 20. Qxg6+ Kd8 21. Nxc5
Qe8 22. Qd3 Bg5 23. Ba3 Nc6 24. f4 Be7 25. Rfc1 Kc7 26. Bg2 Rb8 27. Na6+ Bxa6
28. Qxa6 Bxa3 29. Qxa7+ Rb7 30. Qxa3 Nc4 31. Rxb7+ Kxb7 32. Qc5 Qd7 33. f5 Rd8
34. Rd1 Qe7 35. Qf2 N6xe5 36. Rb1+ Kc6 37. Kh1 Qc5 38. Qc2 Kd6 39. fxe6 Na3 40.
e7 Re8 41. Qf5 Nxb1 42. Qf6+ Kc7 43. Qxe5+ Kb6 44. Qb2+ Qb5 45. Qf6+ Ka5 46. Qd6
Nc3 47. Qd8+ Qb6 48. Qa8+ Rxa8 0-1

[Event "51st World Juniors"]
[Site "Athens GRE"]
[Date "2012.08.15"]
[Round "13.15"]
[White "Codenotti, Marco"]
[Black "Kovalev, Vladislav"]
[Result "0-1"]
[WhiteTitle "FM"]
[BlackTitle "IM"]
[WhiteElo "2314"]
[BlackElo "2485"]
[WhiteFideId "800015"]
[BlackFideId "13504398"]
[EventDate "2012.08.02"]

1. e4 e5 2. Nf3 Nc6 3. Bb5 a6 4. Ba4 Nf6 5. O-O Be7 6. Re1 b5 7. Bb3 d6 8. c3
O-O 9. d4 Bg4 10. d5 Na5 11. Bc2 c6 12. h3 Bc8 13. dxc6 Qc7 14. Nbd2 Qxc6 15.
Nf1 Re8 16. Ng3 g6 17. a4 Bf8 18. Qe2 Be6 19. Ng5 Bc4 20. Qd1 h6 21. Nf3 Bg7 22.
Nh4 Be6 23. Qf3 Nh7 24. Qd1 Nc4 25. b3 Nb6 26. a5 Nd7 27. Re3 Ng5 28. Nhf5 gxf5
29. exf5 Bd5 30. h4 Nh7 31. Nh5 Bf8 32. c4 bxc4 33. bxc4 Bxc4 34. Ba4 Bb5 35.
Bb3 Ndf6 36. Rg3+ Kh8 37. Bxf7 Re7 38. Be6 Bc4 39. Nxf6 Nxf6 40. Rg6 Bxe6 41.
Rxf6 Bd5 42. Bxh6 Rf7 43. Rc1 Rxf6 44. Rxc6 Bxc6 45. Bg5 Rf7 46. Qh5+ Kg8 47.
Qg6+ Rg7 48. Qe6+ Rf7 49. Bh6 Bxh6 50. Qxh6 Rg7 51. Qxd6 Bxg2 52. f6 Rg6 53.
Qe6+ Kh8 54. Qxe5 Bf3+ 55. Kh2 Rf8 56. f7+ Kh7 57. h5 Bxh5 58. Qe7 Kg7 59. Qe5+
Rf6 60. Qxh5 Rh6 0-1

[Event "51st World Juniors"]
[Site "Athens GRE"]
[Date "2012.08.15"]
[Round "13.16"]
[White "Shyam, Nikil P."]
[Black "Hambleton, Aman"]
[Result "1-0"]
[WhiteTitle "IM"]
[BlackTitle "FM"]
[WhiteElo "2484"]
[BlackElo "2244"]
[WhiteFideId "5024218"]
[BlackFideId "2606577"]
[EventDate "2012.08.02"]

1. e4 e6 2. d4 d5 3. Nc3 Bb4 4. exd5 exd5 5. Bd3 c6 6. a3 Bd6 7. Qf3 Qf6 8. Be3
Qxf3 9. Nxf3 f6 10. Ne2 Bg4 11. Nh4 Ne7 12. h3 Bc8 13. O-O-O Nd7 14. f4 Nf8 15.
g4 Nfg6 16. Nf3 f5 17. Rdg1 O-O 18. Bd2 b6 19. g5 a5 20. h4 Re8 21. h5 Nf8 22.
Re1 Ne6 23. Nh4 Ba6 24. Bxa6 Rxa6 25. Ng3 Nxd4 26. Ngxf5 Ndxf5 27. Nxf5 Bc5 28.
Bc3 Nxf5 29. Rxe8+ Kf7 30. Rh8 d4 31. Bd2 h6 32. Re1 Bd6 33. Rhe8 Be7 34. Rc8
hxg5 35. Re5 Ne3 36. Bxe3 1-0

[Event "51st World Juniors"]
[Site "Athens GRE"]
[Date "2012.08.15"]
[Round "13.17"]
[White "Urkedal, Frode"]
[Black "Galopoulos, Nikolaos"]
[Result "1/2-1/2"]
[WhiteTitle "IM"]
[WhiteElo "2473"]
[BlackElo "2402"]
[WhiteFideId "1506102"]
[BlackFideId "4208951"]
[EventDate "2012.08.02"]

1. c4 Nf6 2. Nc3 e5 3. g3 d5 4. cxd5 Nxd5 5. Bg2 Nb6 6. d3 Be7 7. Be3 O-O 8. Rc1
c6 9. Nf3 f6 10. Qb3+ Kh8 11. d4 exd4 12. Nxd4 Na6 13. Ne6 Bxe6 14. Qxe6 Bc5 15.
Bxc5 Nxc5 16. Qf5 Qe7 17. O-O Rad8 18. Qc2 Ne6 19. e3 Nc4 20. Rfd1 Ne5 21. h3
Qc5 22. Kh2 Nf7 23. Qb3 Qe7 24. Ne4 Nfg5 25. Nd2 Rd7 26. h4 Rfd8 27. Qc2 Nf7 28.
Nf3 Rxd1 29. Rxd1 Rxd1 30. Qxd1 Qd6 31. Qb3 Nfd8 32. Qa4 a6 33. Qe4 Kg8 34. b4
g6 35. Qc4 Kg7 36. e4 c5 37. bxc5 Qxc5 38. Qd3 Nc6 39. Qd5 Qe7 40. h5 Nc5 41.
Nh4 Qe5 42. hxg6 hxg6 43. Nxg6 Kxg6 44. Qg8+ Kh6 45. Qh8+ Kg6 46. Qg8+ Kh6 47.
Qh8+ Kg6 1/2-1/2

[Event "51st World Juniors"]
[Site "Athens GRE"]
[Date "2012.08.15"]
[Round "13.18"]
[White "Baron, Tal"]
[Black "Kilpatrick, Callum"]
[Result "1-0"]
[WhiteTitle "GM"]
[BlackTitle "FM"]
[WhiteElo "2451"]
[BlackElo "2326"]
[WhiteFideId "2809958"]
[BlackFideId "414425"]
[EventDate "2012.08.02"]

1. d4 Nf6 2. c4 g6 3. Nc3 d5 4. cxd5 Nxd5 5. Bd2 Bg7 6. Nf3 O-O 7. Rc1 Nb6 8.
Bg5 h6 9. Bf4 Na6 10. e4 c6 11. Be2 Be6 12. O-O Rc8 13. Re1 Bc4 14. h3 Bxe2 15.
Rxe2 Qd7 16. a4 Rfd8 17. a5 Nc4 18. Qa4 c5 19. Nb5 cxd4 20. Rxc4 Nc5 21. Qa3 d3
22. Nxa7 dxe2 23. Nxc8 Qd1+ 24. Kh2 Nd3 25. Nxe7+ Kh7 26. Nd5 Nxf4 27. Nxf4 Be5
28. Nxe5 e1=Q 29. Rc7 Kg8 30. Rxf7 Rd6 31. Qa2 Qg1+ 32. Kg3 Rd5 33. Nxd5 1-0

[Event "51st World Juniors"]
[Site "Athens GRE"]
[Date "2012.08.15"]
[Round "13.19"]
[White "Baghdasaryan, Vahe"]
[Black "Bajarani, Ulvi"]
[Result "0-1"]
[WhiteTitle "IM"]
[BlackTitle "IM"]
[WhiteElo "2368"]
[BlackElo "2446"]
[WhiteFideId "13303139"]
[BlackFideId "13403028"]
[EventDate "2012.08.02"]

1. e4 c5 2. Nf3 d6 3. d4 cxd4 4. Nxd4 Nf6 5. Nc3 a6 6. h3 g6 7. g4 Bg7 8. Bg2
O-O 9. Be3 Nfd7 10. Qe2 Nc6 11. Rd1 Nxd4 12. Bxd4 Bxd4 13. Rxd4 Qb6 14. Qd2 Qxb2
15. Nd5 e6 16. Ne7+ Kg7 17. Rxd6 Qb1+ 18. Ke2 Qb5+ 19. c4 Qxc4+ 20. Kf3 Ne5+ 21.
Kf4 Qc7 22. Nxc8 Raxc8 23. Kxe5 Rcd8 24. Rd1 Qc5+ 25. Kf4 Rxd6 26. Qxd6 Qxf2+
27. Bf3 g5+ 28. Kxg5 Qxf3 29. Qd4+ e5 30. Qd6 Qf4+ 31. Kh4 Re8 32. Qd2 Qxe4 33.
Re1 Qg6 34. g5 h6 35. Rg1 Rh8 36. Rg4 hxg5+ 37. Kg3 f6 38. Qd6 Qf5 39. h4 Rc8
40. Qe7+ Kg6 41. h5+ Kxh5 42. Qf7+ Kh6 43. Rc4 Rd8 0-1

[Event "51st World Juniors"]
[Site "Athens GRE"]
[Date "2012.08.15"]
[Round "13.20"]
[White "Arvola, Benjamin"]
[Black "Gao, Rui"]
[Result "0-1"]
[BlackTitle "IM"]
[WhiteElo "2300"]
[BlackElo "2442"]
[WhiteFideId "1506536"]
[BlackFideId "8602387"]
[EventDate "2012.08.02"]

1. e4 c5 2. Nf3 d6 3. d4 cxd4 4. Nxd4 Nf6 5. Nc3 a6 6. a4 e6 7. Be2 Qc7 8. O-O
Be7 9. Be3 O-O 10. Kh1 b6 11. f4 Bb7 12. Bf3 Nbd7 13. Qe1 Rac8 14. f5 e5 15. Nb3
Rfe8 16. Rd1 Qb8 17. Nd2 b5 18. Rc1 b4 19. Nd5 Nxd5 20. exd5 Qa8 21. Nb3 Bxd5
22. Qxb4 Bxf3 23. Rxf3 d5 24. Qd2 Nf6 25. Bb6 d4 26. c4 Nd7 27. a5 Qc6 28. c5
Qd5 29. Qb4 Bg5 30. Qc4 Qa8 31. Rd1 e4 32. Rg3 Bf4 33. Qxd4 Bxg3 34. Qxd7 Be5
35. Qd2 Qb8 36. Qe2 Bxh2 37. Rd7 Rc6 38. Qc4 Rf8 39. Qxe4 Rh6 40. Rb7 Qe8 41.
Qxe8 Bg3+ 0-1

[Event "51st World Juniors"]
[Site "Athens GRE"]
[Date "2012.08.15"]
[Round "13.21"]
[White "Bluebaum, Matthias"]
[Black "Ghosh, Diptayan"]
[Result "1-0"]
[WhiteTitle "IM"]
[BlackTitle "FM"]
[WhiteElo "2424"]
[BlackElo "2417"]
[WhiteFideId "24651516"]
[BlackFideId "5045207"]
[EventDate "2012.08.02"]

1. Nf3 d5 2. c4 c6 3. g3 Bg4 4. Ne5 Bf5 5. Qb3 Nd7 6. d4 Qb6 7. Qxb6 Nxb6 8.
cxd5 cxd5 9. Nc3 a6 10. a4 Nf6 11. Bg2 e6 12. a5 Nc8 13. Na4 Bd6 14. Bf4 Ne4 15.
Nd3 Bxf4 16. gxf4 Ne7 17. Nb6 Rd8 18. f3 Nd6 19. Nc5 Ng6 20. e3 Nh4 21. Kf2 Nxg2
22. Kxg2 Rg8 23. Kf2 Ke7 24. Rac1 Ke8 25. Rhe1 h6 26. e4 dxe4 27. fxe4 Bh7 28.
d5 g5 29. e5 Nb5 30. Nxb7 Rb8 31. d6 gxf4 32. Rc8+ Rxc8 33. d7+ 1-0

[Event "51st World Juniors"]
[Site "Athens GRE"]
[Date "2012.08.15"]
[Round "13.22"]
[White "Farid, Firman Syah"]
[Black "Rombaldoni, Axel"]
[Result "1-0"]
[WhiteTitle "CM"]
[BlackTitle "IM"]
[WhiteElo "2318"]
[BlackElo "2494"]
[WhiteFideId "7102526"]
[BlackFideId "815837"]
[EventDate "2012.08.02"]

1. e4 e6 2. d4 d5 3. Nc3 Bb4 4. e5 b6 5. a3 Bf8 6. Nf3 Ne7 7. h4 Qd7 8. h5 h6 9.
Rh3 c6 10. Nh4 Ba6 11. Bxa6 Nxa6 12. Qd3 Nc7 13. Be3 b5 14. a4 b4 15. Ne2 a5 16.
f4 Nf5 17. Nxf5 exf5 18. O-O-O O-O-O 19. Kb1 g6 20. Nc1 Kb7 21. Nb3 Ra8 22. Rg1
Rg8 23. g4 fxg4 24. Rh4 f5 25. hxg6 Ne8 26. Rxh6 Qe6 27. Rh7+ Kb8 28. Rf7 Ng7
29. Rf6 Qe8 30. Rh1 Ra7 31. Rh7 g3 32. Bg1 g2 33. Qh3 Be7 34. Rf7 Bd8 35. Rxa7
Kxa7 36. Qxf5 Kb8 37. Qf7 Qe7 38. Qxg8 1-0

[Event "51st World Juniors"]
[Site "Athens GRE"]
[Date "2012.08.15"]
[Round "13.23"]
[White "Pavlidis, Antonios"]
[Black "Kigel, Dmytro"]
[Result "1/2-1/2"]
[WhiteTitle "IM"]
[BlackTitle "FM"]
[WhiteElo "2466"]
[BlackElo "2276"]
[WhiteFideId "4212312"]
[BlackFideId "14117932"]
[EventDate "2012.08.02"]

1. e4 e5 2. Nf3 Nc6 3. d4 exd4 4. Nxd4 Bb4+ 5. c3 Bc5 6. Be3 Bb6 7. Nf5 Bxe3 8.
Nxe3 d6 9. g3 h5 10. Bg2 h4 11. f4 g5 12. Qf3 hxg3 13. hxg3 Rxh1+ 14. Bxh1 gxf4
15. gxf4 Qh4+ 16. Kd1 Nge7 17. Nd2 Ng6 18. f5 Nf4 19. Kc2 Ne5 20. Qf1 Bd7 21.
Nf3 Qh6 22. Nxe5 dxe5 23. Ng4 Qg7 24. Qg1 Rd8 25. Bf3 Bb5 26. Qxa7 Bd3+ 27. Kb3
f6 28. Qxb7 Rd6 29. Qa8+ Ke7 30. a4 Qf7+ 31. Ka3 Rb6 32. Bd1 Qc4 33. Qa5 Ra6 34.
Qb4+ Qxb4+ 35. cxb4 Bxe4 36. Rc1 Kd8 37. Bc2 Bf3 38. Ne3 Ne2 39. Re1 Nd4 40. Rg1
Nxc2+ 41. Nxc2 Rd6 42. Rg8+ Kd7 43. Rg7+ Kc8 44. b5 Rd3+ 45. Kb4 Be4 46. a5 Bxf5
47. a6 Be4 48. Na3 Rd7 49. Rg8+ Rd8 50. Rxd8+ Kxd8 51. Nc4 Kd7 52. Kc5 Ke6 53.
b6 cxb6+ 54. Kxb6 f5 55. Na5 Ba8 56. Ka7 Bd5 57. Kb8 f4 58. a7 f3 59. Nb7 Bxb7
60. Kxb7 f2 61. a8=Q f1=Q 62. Qe8+ Kd5 63. b4 1/2-1/2

[Event "51st World Juniors"]
[Site "Athens GRE"]
[Date "2012.08.15"]
[Round "13.24"]
[White "Aravindh, Chithambaram VR."]
[Black "Mihok, Oliver"]
[Result "0-1"]
[WhiteTitle "FM"]
[BlackTitle "IM"]
[WhiteElo "2240"]
[BlackElo "2456"]
[WhiteFideId "5072786"]
[BlackFideId "728012"]
[EventDate "2012.08.02"]

1. e4 e5 2. Nf3 Nf6 3. Nxe5 d6 4. Nf3 Nxe4 5. d4 d5 6. Bd3 Nd6 7. O-O Be7 8. h3
Nd7 9. b3 O-O 10. Bb2 Nb6 11. Nbd2 Bf5 12. Be2 Re8 13. c4 Ne4 14. Nxe4 Bxe4 15.
c5 Nd7 16. b4 Bf6 17. Rc1 Nf8 18. Ne5 Ne6 19. f3 Bg6 20. Nxg6 hxg6 21. f4 Bxd4+
22. Bxd4 Nxd4 23. Qxd4 Rxe2 24. f5 Qg5 25. Qxd5 Rd8 26. Qxb7 Rdd2 0-1

[Event "51st World Juniors"]
[Site "Athens GRE"]
[Date "2012.08.15"]
[Round "13.25"]
[White "Debashis, Das"]
[Black "Hernandez Sanchez, Jairo Andres"]
[Result "0-1"]
[WhiteTitle "IM"]
[BlackTitle "FM"]
[WhiteElo "2446"]
[BlackElo "2288"]
[WhiteFideId "5024854"]
[BlackFideId "4404017"]
[EventDate "2012.08.02"]

1. d4 Nf6 2. c4 e6 3. Nc3 Bb4 4. Qc2 c5 5. dxc5 O-O 6. a3 Bxc5 7. Nf3 b6 8. Bg5
Bb7 9. Rd1 Be7 10. e4 h6 11. Bh4 Nh5 12. Bxe7 Qxe7 13. Be2 Nf4 14. O-O f5 15. e5
g5 16. Rd4 Nc6 17. Rxf4 gxf4 18. Nb5 Qg7 19. Qc3 Nd8 20. Qd4 Be4 21. Re1 Nc6 22.
Qc3 Kh8 23. Nd6 Rg8 24. Bf1 Bxf3 25. Qxf3 Qg4 26. Qd3 Raf8 27. f3 Qh4 28. Qd2
Rg5 29. Qf2 Qxf2+ 30. Kxf2 Rgg8 31. Re2 Rb8 32. Ke1 Kg7 33. Kd2 Kf8 34. Kc3 Ke7
35. Nb5 a6 36. Nc7 a5 37. Nb5 Nd8 38. Re1 Nf7 39. b3 Rgc8 40. Bd3 Rg8 41. Bf1
Rbc8 42. Kd4 d6 43. exd6+ Nxd6 44. Nxd6 Kxd6 45. b4 Rgd8 46. bxa5 bxa5 47. Re5
Ke7+ 48. Kc3 Rd1 49. Bd3 Rg1 50. Rxa5 Rxg2 51. Ra7+ Kf6 52. a4 Rf2 53. Rd7 Rxf3
54. Kb4 Re3 55. c5 f3 56. Bb5 Re4+ 0-1

[Event "51st World Juniors"]
[Site "Athens GRE"]
[Date "2012.08.15"]
[Round "13.26"]
[White "Sodikov, Ilyas"]
[Black "Barbosa, Evandro Amorim"]
[Result "1-0"]
[BlackTitle "IM"]
[WhiteElo "2234"]
[BlackElo "2436"]
[WhiteFideId "13705490"]
[BlackFideId "2115824"]
[EventDate "2012.08.02"]

1. e4 c5 2. Nf3 e6 3. d4 cxd4 4. Nxd4 Nc6 5. Nc3 Qc7 6. Be3 a6 7. Be2 Nf6 8. a3
Be7 9. f4 d6 10. g4 O-O 11. g5 Nd7 12. h4 b5 13. Nxc6 Qxc6 14. Qd4 Re8 15. O-O-O
Bb7 16. h5 Bf8 17. g6 fxg6 18. hxg6 h6 19. Rdg1 Nf6 20. Rxh6 e5 21. Rh2 Be7 22.
Rgh1 Kf8 23. fxe5 dxe5 24. Qxe5 Rac8 25. Rh8+ Ng8 26. Rxg8+ 1-0

[Event "51st World Juniors"]
[Site "Athens GRE"]
[Date "2012.08.15"]
[Round "13.27"]
[White "Lapidus, Mark"]
[Black "Firat, Burak"]
[Result "1-0"]
[BlackTitle "IM"]
[WhiteElo "2129"]
[BlackElo "2423"]
[WhiteFideId "4502299"]
[BlackFideId "6305881"]
[EventDate "2012.08.02"]

1. d4 Nf6 2. Bf4 g6 3. e3 Bg7 4. c4 O-O 5. Nc3 d6 6. h3 Nfd7 7. Nf3 e5 8. Bh2
Nc6 9. Be2 Re8 10. O-O h5 11. a3 Nf8 12. dxe5 Nxe5 13. Nxe5 Bxe5 14. Bxe5 Rxe5
15. Nd5 c6 16. Nf4 Qe7 17. Qd2 Bf5 18. Rfd1 Rd8 19. Bd3 Bc8 20. Qc3 h4 21. Be2
Nh7 22. Nd3 Rg5 23. Kf1 Nf6 24. Qd4 Ne4 25. Bf3 Bf5 26. Qxa7 Re8 27. Rac1 c5 28.
Qa5 Qf6 29. Qb5 Qe7 30. Nf4 Bd7 31. Qxb7 Nxf2 32. Re1 Nh1 33. Nd5 Rxd5 34. Qxd5
Qf6 35. Kg1 Ng3 36. Rcd1 Nf5 37. b4 cxb4 38. axb4 Re5 39. Qd2 Be6 40. e4 Ng3 41.
Qxd6 Kg7 42. c5 Qf4 43. Qd2 Qf6 44. Qc3 Kh7 45. c6 Qf4 46. Qd2 Qf6 47. c7 1-0

[Event "51st World Juniors"]
[Site "Athens GRE"]
[Date "2012.08.15"]
[Round "13.28"]
[White "Soors, Stef"]
[Black "Arat, Ufuk Sezen"]
[Result "1-0"]
[WhiteTitle "FM"]
[WhiteElo "2364"]
[BlackElo "2124"]
[WhiteFideId "209511"]
[BlackFideId "6309089"]
[EventDate "2012.08.02"]

1. e4 g6 2. d4 Bg7 3. Nf3 d6 4. c3 Nc6 5. Bb5 Bd7 6. Bg5 h6 7. Bh4 Nf6 8. Nbd2
g5 9. Bg3 Nh5 10. Qe2 Nxg3 11. hxg3 e5 12. Bxc6 Bxc6 13. d5 Bd7 14. Nf1 f5 15.
exf5 Bxf5 16. Nd4 Bg4 17. Qxg4 exd4 18. cxd4 O-O 19. Qe6+ Kh7 20. Ne3 Qf6 21.
Qxf6 Rxf6 22. f3 Re8 23. Kd2 g4 24. Nxg4 Rg6 25. Kd3 Rg5 26. Ne3 Rxg3 27. Rh4
Rxe3+ 28. Kxe3 Rxg2 29. Rb1 Bf6 30. Rg4 Bg5+ 31. Ke4 Rd2 32. Kf5 Be3 33. Re1 h5
34. Rh1 Bh6 35. Rxh5 Rd3 36. Rgh4 1-0

[Event "51st World Juniors"]
[Site "Athens GRE"]
[Date "2012.08.15"]
[Round "13.29"]
[White "Potpara, Nikola"]
[Black "Gemy, Jose Daniel"]
[Result "1/2-1/2"]
[BlackTitle "FM"]
[WhiteElo "2201"]
[BlackElo "2345"]
[WhiteFideId "910058"]
[BlackFideId "3301478"]
[EventDate "2012.08.02"]

1. d4 d5 2. c4 c6 3. Nf3 Nf6 4. Nc3 a6 5. e3 b5 6. b3 Bg4 7. Be2 e6 8. O-O Nbd7
9. Bb2 Qb8 10. cxd5 cxd5 11. h3 Bxf3 12. Bxf3 Bd6 13. Qd3 O-O 14. g4 b4 15. Na4
Qb7 16. Rac1 Rfc8 17. Bg2 Qb5 18. Qb1 h5 19. g5 Ne4 20. Bxe4 dxe4 21. Qxe4 Qxg5+
22. Qg2 Qxg2+ 23. Kxg2 Kf8 24. Rc4 Ke7 25. Rfc1 Rcb8 26. Rc6 f5 27. h4 a5 28.
Kh3 Rb5 29. Rg1 Rg8 30. f3 Bb8 31. Rg6 Nf8 32. Rg5 Nd7 33. Rxh5 Kf7 34. Rg5 g6
35. Bc1 Rd5 36. Rc4 e5 37. Bb2 exd4 38. Bxd4 Ne5 39. Bxe5 Rxe5 40. e4 fxe4 41.
Rxe5 Bxe5 42. Rxe4 Bf6 43. Nb6 Rd8 44. Nc4 Rd5 45. Kg3 Bc3 46. Kg4 Bf6 47. f4
Bc3 48. Ne5+ Kf6 49. Nf3 Rd1 50. Re2 Rd5 51. Ng5 a4 52. bxa4 Ra5 53. Ne4+ Kg7
54. Rc2 Rxa4 55. Nxc3 1/2-1/2

[Event "51st World Juniors"]
[Site "Athens GRE"]
[Date "2012.08.15"]
[Round "13.30"]
[White "Valsecchi, Alessio"]
[Black "Grandadam, Nicolas"]
[Result "1-0"]
[WhiteTitle "IM"]
[BlackTitle "FM"]
[WhiteElo "2427"]
[BlackElo "2333"]
[WhiteFideId "818860"]
[BlackFideId "681806"]
[EventDate "2012.08.02"]

1. d4 d5 2. Nf3 Nf6 3. c4 c6 4. Nbd2 Bf5 5. Nh4 Be4 6. f3 Bg6 7. e3 e6 8. Qb3
Qc7 9. f4 Be7 10. Be2 Ne4 11. Nxg6 Nxd2 12. Bxd2 hxg6 13. O-O-O Nd7 14. Kb1 Nf6
15. Bf3 Kf8 16. h4 Ne8 17. e4 dxe4 18. Bxe4 Bf6 19. g4 Kg8 20. d5 Nd6 21. Bc2
exd5 22. cxd5 c5 23. g5 Bd4 24. Qf3 Rh5 25. f5 Qb6 26. Bc1 Nc4 27. fxg6 fxg6 28.
d6 1-0